000 00612cam a2200193 4500500
005 20260329001345.0
041 _afre
042 _adc
100 1 0 _aLacroix, Alexandre
_eauthor
245 0 0 _aClément Rosset : “On ne guérit pas de l’Espagne”
260 _c2006.
500 _a65
690 _aClément Rosset
690 _aPlaton
690 _aVoyage Philosophique
690 _aWittgenstein
786 0 _nPhilosophie magazine | 3 | 8-9 | 2006-09-01 | p. 16-18 | 1951-1787
856 4 1 _uhttps://shs.cairn.info/magazine-philosophie-magazine-2006-8-9-page-16?lang=fr&redirect-ssocas=7080
999 _c1804617
_d1804617